<?xml version="1.0" encoding="UTF-8"?>
<collection xmlns="http://www.loc.gov/MARC21/slim">
 <record>
  <leader>00749pamaa2200181   4500</leader>
  <controlfield tag="001">0000023278</controlfield>
  <controlfield tag="005">20070104090000.0</controlfield>
  <datafield tag="020" ind1="0" ind2="0">
   <subfield code="a">069106718X </subfield>
  </datafield>
  <datafield tag="090" ind1="0" ind2="0">
   <subfield code="a">PS1642.S58 </subfield>
   <subfield code="b">GON 1987</subfield>
  </datafield>
  <datafield tag="100" ind1="1" ind2="0">
   <subfield code="a">GONNAUD </subfield>
  </datafield>
  <datafield tag="245" ind1="1" ind2="0">
   <subfield code="a">An uneasy solitude : </subfield>
   <subfield code="b">individual and society in the work of Ralph Waldo Emerson  </subfield>
   <subfield code="c">Maurice Gonnaud and translated by Lawrence Rosenwald.</subfield>
  </datafield>
  <datafield tag="260" ind1="0" ind2="0">
   <subfield code="a">New Jersey: </subfield>
   <subfield code="b">Princeton University Press, </subfield>
   <subfield code="c">1987.</subfield>
  </datafield>
  <datafield tag="300" ind1=" " ind2=" ">
   <subfield code="a">xxvii, 477p.; </subfield>
   <subfield code="c">25cm.</subfield>
  </datafield>
  <datafield tag="500" ind1="0" ind2="0">
   <subfield code="a">&quot;Bibliography of Emersons writings&quot;: p. 463-468</subfield>
  </datafield>
  <datafield tag="650" ind1="0" ind2="0">
   <subfield code="a">Literature and society -- </subfield>
   <subfield code="x">History -- </subfield>
   <subfield code="y">19th century -- </subfield>
   <subfield code="z">United States </subfield>
  </datafield>
  <datafield tag="650" ind1="0" ind2="0">
   <subfield code="a">Emerson, Ralph Waldo, 1803-1882 -- </subfield>
   <subfield code="x">Political and social views </subfield>
  </datafield>
  <datafield tag="650" ind1="0" ind2="0">
   <subfield code="a">Social pschology in literature </subfield>
  </datafield>
  <datafield tag="700" ind1="1" ind2="1">
   <subfield code="a">Rosenwald, </subfield>
   <subfield code="h">Lawrence </subfield>
  </datafield>
 </record>
</collection>
